| 000 | 00955nam a2200277 i 4500 | ||
|---|---|---|---|
| 001 | 12916 | ||
| 003 | KOSZ 005 | ||
| 005 | 20200418140357.0 | ||
| 008 | 070808s1970 pl a f 001 0 pol | ||
| 015 | _aPB 1970/11086 | ||
| 040 |
_aWA N _cWA N _dKOSZ 005/ID |
||
| 080 | _a621.37/.38 | ||
| 100 | 1 |
_aBaranowski, Jerzy _d(1930- ) _eAutor |
|
| 245 | 1 | 0 |
_aPółprzewodnikowe układy impulsowe / _cJerzy Baranowski. |
| 260 |
_aWarszawa : _bWydawnictwa Naukowo-Techniczne, _c1970. |
||
| 300 |
_a512, [3] s. : _bil. ; _c23 cm. |
||
| 380 | _aKsiążki. | ||
| 490 | 1 | _aUkłady Tranzystorowe. | |
| 504 | _aBibliogr. przy rozdz. Indeks. | ||
| 650 | 4 | _aPółprzewodniki | |
| 650 | 4 | _aTechnika impulsów | |
| 710 | 2 |
_aWydawnictwa Naukowo-Techniczne _4pbl. |
|
| 856 |
_uhttp://koha.tu.koszalin.pl/cgi-bin/koha/opac-detail.pl?biblionumber=12916 _yKatalog online BPK |
||
| 830 | 0 | _aUkłady Tranzystorowe | |
| 942 |
_2UKD _cKS |
||
| 999 |
_c12916 _d12916 |
||